University Home | Library Home | Institutional Repository

Fishery Statistics Commodities/ (Record no. 114249)

MARC details
000 -LEADER
fixed length control field 00540cas a2200169 4500
008 - FIXED-LENGTH DATA ELEMENTS--GENERAL INFORMATION
fixed length control field 100610n eng u
022 ## - INTERNATIONAL STANDARD SERIAL NUMBER
International Standard Serial Number 10147667
035 ## - SYSTEM CONTROL NUMBER
System control number (Sirsi) a169922
050 ## - LIBRARY OF CONGRESS CALL NUMBER
Classification number FAO SH331.5
Item number FAO 2007
110 ## - MAIN ENTRY--CORPORATE NAME
Corporate name or jurisdiction name as entry element Food and Agriciltire organisation
245 ## - TITLE STATEMENT
Title Fishery Statistics Commodities/
Statement of responsibility, etc. Food and Agriculture Organisation
260 ## - PUBLICATION, DISTRIBUTION, ETC.
Place of publication, distribution, etc. Rome:
Name of publisher, distributor, etc. Food and Agriculture Organisation,
Date of publication, distribution, etc. 2007
300 ## - PHYSICAL DESCRIPTION
Extent xii,228p.
362 ## - DATES OF PUBLICATION AND/OR SEQUENTIAL DESIGNATION
Dates of publication and/or sequential designation v.101,2005
650 ## - SUBJECT ADDED ENTRY--TOPICAL TERM
Topical term or geographic name entry element Fishery Statistics
710 ## - ADDED ENTRY--CORPORATE NAME
Corporate name or jurisdiction name as entry element Food and Agriculture Organisation
Holdings
Withdrawn status Lost status Source of classification or shelving scheme Damaged status Not for loan Home library Current library Shelving location Cost, normal purchase price Total Checkouts Full call number Barcode Date last seen Copy number Price effective from Koha item type
    Library of Congress Classification     Main Library Main Library Special collections 0.00   FAO SH331.5 FAO 2007 33729005100743 08/20/2019 1 08/20/2019 Book
© 2026 - The University of Zambia Library - Koha v25.11